Statistics for Countries that Voted Against Palestine's UN Observer Status

Click here to take the quiz!

General Stats

  • This quiz has been taken 315 times
  • The average score is 4 of 9

Answer Stats

country% Correct
United States
99%
Israel
92%
Canada
79%
Palau
22%
Micronesia
21%
Nauru
21%
Marshall
Islands
20%
Czechia
15%
Panama
12%

Score Distribution

Percentile by Number Answered

Percent of People with Each Score

Your Score History

You have not taken this quiz